| 000 | 00768nam a2200205 a 4500 | ||
|---|---|---|---|
| 005 | 20210219160152.0 | ||
| 008 | 080922s2000 mx r 000 0 spa d | ||
| 035 | _aUPN01000160026 | ||
| 049 | _aUNE | ||
| 080 | _aDO 37.014. 22 (7/8) 1984SIS 1a. | ||
| 111 | 2 | _aReunión del Comité Regional Intergubernamental del ProyectoPrincipal de Educación en América Latina y el Caribe, 1984: México. | |
| 245 | 1 | 3 | _aUn Sistema regional de información para el proyecto principal de educación en América Latina y el Caribe. |
| 260 | _aParís : UNESCO, 1984. | ||
| 300 | _a15 p.; | ||
| 440 | 0 | _aED-84/PROMEDLAC/REF. 1 | |
| 690 | _aProyectos educacionales- America Latina | ||
| 690 | _aMetas de la educacion- America Latina | ||
| 710 | 2 | _aUNESCO | |
| 905 | _aUNESCO | ||
| 999 |
_c132140 _d132140 |
||